Statistics for #1 Hits i Norge i Løp av 1980-tallet Quiz

Click here to take the quiz!

General Stats

  • This quiz has been taken 27 times
    (26 since last reset)
  • The average score is 33 of 102

Answer Stats

#Artist/Band% Correct
4a-ha
91%
2Madonna
91%
2Wham!
91%
1Cyndi Lauper
83%
1Paul McCartney og Stevie Wonder
83%
1Survivor
83%
1Bon Jovi
74%
1Bonnie Tyler
74%
2David Bowie
74%
1Paul McCartney og Michael Jackson
74%
1Whitney Houston
74%
2Phil Collins
70%
1Rick Astley
70%
2Stevie Wonder
70%
2Bobbysocks
65%
1F.R. David
65%
3Michael Jackson
65%
1The Bangles
65%
1Belinda Carlisle
61%
1Pink Floyd
61%
1Carola
57%
1Foreigner
57%
1George Michael
57%
1Limahl
57%
1Culture Club
52%
1Irene Cara
52%
2Lionel Richie
52%
1Samantha Fox
52%
2The Monroes
52%
1Jannicke
48%
1The Kids
48%
1Band Aid
43%
1Roxette
43%
1Bee Gees
39%
1Boy George
39%
1Kim Wilde
39%
1Nicole
39%
1T'Pau
39%
1Chris de Burgh
35%
1Sverre Kjelsberg og Mattis Hætta
35%
1Tears for Fears
35%
1Cutting Crew
30%
1Franklin
30%
1Matthew Wilder
30%
1Modern Talking
30%
1Olivia Newton-John og Electric Light Orchestra
30%
1Paula Abdul
30%
1Beranek
26%
2Billy Ocean
26%
1Europe
26%
1Eurythmics
26%
1Gary Moore
26%
1Johnny Logan
26%
1Kim Carnes
26%
2Pet Shop Boys
26%
1Slade
26%
1Diana Ross
22%
1Lars Kilevold
22%
1Lipps Inc.
22%
1Mike Oldfield og Maggie Reilly
22%
1USA for Africa
22%
1Viggo Sandvik
22%
1Barbra Streisand
17%
1Bruce Springsteen
17%
1Gyllene Tider
17%
1Kaoma
17%
1Mr. Mister
17%
1The Human League
17%
1Desireless
13%
1Falco
13%
1Jennifer Rush
13%
2Jon English
13%
1Sam Brown
13%
1Sandra
13%
1Agnetha Fältskog
9%
1Jive Bunny and the Mastermixers
9%
1Koreana
9%
1One 2 Many
9%
2Ottawan
9%
2Prince
9%
1Renée & Renato
9%
1Robin Beck
9%
1Shakin' Stevens
9%
1Sheena Easton
9%
1Caramba
4%
1Casino Steel og Gary Holton
4%
1Christopher Cross
4%
1Cliff Richard
4%
1Ofra Haza
4%
1Paul Hardcastle
4%
1Will To Power
4%
1Bob Geldof
0%
1Bolland
0%
1Break Machine
0%
1Electronicas
0%
1Ferry Aid
0%
1Mel Brooks
0%
1TinDrum
0%
1Tracey Ullman
0%
1Transvision Vamp
0%
1Vidar Theisen og The Retrievers
0%
1Video Kids
0%

Score Distribution

Percentile by Number Answered

Percent of People with Each Score

Your Score History

You have not taken this quiz since the last reset